Μια εισαγωγή στο λογισμό στις επιφάνειες στον R3 : πτυχιακή εργασία

Κύριος σκοπός αυτής της εργασίας είναι η εισαγωγή και μελέτη γεωμετρικών εννοιών στον R3.Χρησιμοποιούμε εργαλεία του Απειροστικού Λογισμού και της Γραμμικής Άλγεβρας ,εισάγουμε κάποιες από τις κύριες ιδέες της Διαφορικής Γεωμετρίας. Στο κεφάλαιο 1 ξεκινάμε με την έννοια του εφαπτόμενου διανύσματος...

Πλήρης περιγραφή

Αποθηκεύτηκε σε:
Λεπτομέρειες βιβλιογραφικής εγγραφής
Κύριος συγγραφέας: Παπανικολάου, Ξενοφών Γ.
Συγγραφή απο Οργανισμό/Αρχή: Πανεπιστήμιο Αιγαίου. Σχολή Θετικών Επιστημών. Τμήμα Μαθηματικών
Μορφή: Thesis Βιβλίο
Γλώσσα:Greek
Δημοσίευση: [2010].
Θέματα:
Διαθέσιμο Online:http://hdl.handle.net/11610/8018
Ετικέτες: Προσθήκη ετικέτας
Δεν υπάρχουν, Καταχωρήστε ετικέτα πρώτοι!

MARC

LEADER 00000cam a2200000 i 4500
001 1/11141
008 101202s2010 gr | ||| |||| ||gre||
035 |l 10109297 
040 |a GR-MyUA  |b gre  |e AACR2 
041 0 |a gre 
082 0 |a 515.1  |2 (22) 
100 1 |a Παπανικολάου, Ξενοφών Γ. 
245 1 0 |a Μια εισαγωγή στο λογισμό στις επιφάνειες στον R3 :   |b πτυχιακή εργασία /   |c Ξενοφών Παπανικολάου ; επιβλέπων καθηγητής Νίκος Παπαλεξίου.  
260 |c [2010].  
300 |a 31 σ. ;   |c 30 εκ.  
502 |a Πτυχιακή εργασία – Πανεπιστήμιο Αιγαίου, Σάμος, 2010.  
504 |a Βιβλιογραφία: σ. 31.  
506 0 |a Διάθεση πλήρους κειμένου - Ελεύθερη πρόσβαση.  
520 |a Κύριος σκοπός αυτής της εργασίας είναι η εισαγωγή και μελέτη γεωμετρικών εννοιών στον R3.Χρησιμοποιούμε εργαλεία του Απειροστικού Λογισμού και της Γραμμικής Άλγεβρας ,εισάγουμε κάποιες από τις κύριες ιδέες της Διαφορικής Γεωμετρίας. Στο κεφάλαιο 1 ξεκινάμε με την έννοια του εφαπτόμενου διανύσματος του R3 και μετά ορίζουμε την έννοια του εφαπτόμενου χώρου και διανυσματικού πεδίου στον R3. Στη συνέχεια δίνουμε τον ορισμό της παραγώγου κατά κατεύθυνσης και ορίζουμε την δράση ενός διανυσματικού πεδίου V πάνω σε μια συνάρτηση f. Στο τέλος του κεφαλαίου δίνουμε τον ορισμό της 1-μορφής και γενικά των διαφορικών μορφών στον R3 και κλείνουμε με τους ορισμούς του εξωτερικού γινομένου και της εξωτερικής παραγώγου. Στο κεφάλαιο 2 καθορίζουμε τι ακριβώς είναι μια επιφάνεια και δείχνουμε ότι κάθε επιφάνεια έχει το δικό της διαφορικό και ολοκληρωτικό λογισμό, ανάλογο με το λογισμό του επιπέδου. Συγκεκριμένα ξεκινάμε δίνοντας τον ορισμό της επιφάνειας χρησιμοποιώντας την έννοια των συντεταγμενικών περιοχών. Ο ορισμός αυτός μπορεί να γενικευτεί εύκολα στην κλασσική έννοια της n-διάστασης πολαπλότητας. Στη συνέχεια δίνουμε κάποιες ιδιότητες των συντεταγμενικών περιοχών, επίσης τον ορισμό του εφαπτόμενου διανύσματος και του διανυσματικού πεδίου σε μια επιφάνεια. Ορίζουμε την 2-μορφή, δίνουμε τον ορισμό της εξωτερικού γινομένου και της εξωτερικής παραγώγου και ορίζουμε της εφαπτόμενη απεικόνιση μεταξύ των εφαπτόμενων χώρων. Στη συνέχεια μελετάμε την ολοκλήρωση των 1 και 2-μορφών σε επιφάνειες, χρησιμοποιώντας την έννοια της ανάκλησης. Τέλος φτάνουμε στο στόχο της εργασίας που είναι η διατύπωση και απόδειξη του θεωρήματος του Stokes. 
540 |a Κλειδωμένη η δυνατότητα αντιγραφής (copy) του κειμένου.  
610 2 0 |a University of the Aegean  |x Dissertations. 
650 0 0 |a Mathematical analysis. 
650 0 0 |a Differential calculus. 
650 0 0 |a Geometry. 
650 0 0 |a Dissertations, Academic  |z Greece. 
700 1 |a Παπαλεξίου, Νίκος,  |e dgs 
710 2 |a Πανεπιστήμιο Αιγαίου.   |b Σχολή Θετικών Επιστημών.   |b Τμήμα Μαθηματικών. 
852 |a INST  |b SAMOS  |c DIATR  |e 20101202  |h 515.1 ΠΑΠ  |p 005300033131  |q 005300033131  |t DIE  |y 23 
852 |a INST  |b SAMOS  |c DIATR  |e 20101202  |h 515.1 ΠΑΠ  |p 005300033132  |q 005300033132  |t DIE  |y 23 
856 |u http://hdl.handle.net/11610/8018  
901 |a BIBL3-2010-3 
909 |a Σ  |b 166176 
909 |a Σ  |b 166177 
924 |a ΠΑΠΑΝΙΚΟΛΑΟΥ  |b ΞΕΝΟΦΩΝ  |y Σάμος  |z 2010-11 
970 |a ΚΟΣΙΕΡΗΣ  |b ΧΡΗΣΤΟΣ  |z 2010/12/02